000 00229nam a2200097Ia 4500
008 170619s9999 xx 000 0 und d
100 _aAHO- V
245 0 _aDATA STRUCTURES AND ALGORITHMS
260 _bPEARSON EDU. DELHI
260 _c2004
546 _aENGLISH
999 _c22879
_d22879